[Event "CZE-chT2B 1819"]
[Site "Czech Republic"]
[Date "2018.11.18"]
[Round "3.6"]
[White "Kral, David"]
[Black "Sala, Dalibor"]
[Result "0-1"]
[WhiteElo "2006"]
[BlackElo "1865"]
[PlyCount "62"]
[EventDate "2018.10.14"]
[EventType "team-tourn"]
[EventRounds "11"]
[EventCountry "CZE"]
[SourceTitle "EXT 2022"]
[Source "ChessBase"]
[SourceDate "2021.10.06"]
[SourceVersion "1"]
[SourceVersionDate "2021.10.06"]
[SourceQuality "1"]
[WhiteTeam "Teplice"]
[BlackTeam "Most Chess"]
[WhiteTeamCountry "CZE"]
[BlackTeamCountry "CZE"]

1. e4 c5 2. Nc3 Nc6 3. f4 g6 4. Nf3 Bg7 5. Bc4 e6 6. 0-0 Nge7 7. d3 0-0 8. Qe1 d5 9. Bb3 Nd4 10. e5 Nef5 11. Ne2 b5 12. Nexd4 Nxd4 13. Nxd4 cxd4 14. Qb4 Qb6 15. a4 a5 16. Qxb5 Qc7 17. Bxd5 exd5 18. Qxd5 Bb7 19. Qc4 Qb6 20. Qb5 Qc7 21. Qc4 Qd7 22. Rf2 Rfc8 23. Qa2 Qg4 24. Qb3 Rab8 25. Bd2 Ba8 26. h3 Qg3 27. Qa3 Rxc2 28. b4 Rxb4 29. Raf1 Rbb2 30. Be1 Qxg2+ 31. Rxg2 Rxg2+ 0-1

[Event "CZE-chT2A 1718"]
[Site "Czech Republic"]
[Date "2017.12.03"]
[Round "4.8"]
[White "Sala, Dalibor"]
[Black "Kalous, Miroslav"]
[Result "0-1"]
[WhiteElo "1846"]
[BlackElo "1981"]
[PlyCount "52"]
[EventDate "2017.10.15"]
[EventType "team-tourn"]
[EventRounds "11"]
[EventCountry "CZE"]
[SourceTitle "EXT 2022"]
[Source "ChessBase"]
[SourceDate "2021.10.06"]
[SourceVersion "1"]
[SourceVersionDate "2021.10.06"]
[SourceQuality "1"]
[WhiteTeam "Most Chess"]
[BlackTeam "Praha Bohemians II"]
[WhiteTeamCountry "CZE"]
[BlackTeamCountry "CZE"]

1. e4 e6 2. d3 d5 3. Nd2 Nf6 4. Ngf3 b6 5. g3 Bb7 6. e5 Nfd7 7. Bg2 c5 8. 0-0 Nc6 9. Re1 Be7 10. Nf1 g5 11. g4 h5 12. h3 hxg4 13. hxg4 Qc7 14. Qe2 0-0-0 15. c3 Rdg8 16. a3 Nf8 17. Ng3 Ng6 18. Nh5 Nh4 19. Bh1 d4 20. Bd2 Kb8 21. Ng3 Rg7 22. Rab1 Nxf3+ 23. Bxf3 Rgh7 24. Nh5 Nxe5 25. Bxb7 Nxg4 26. Qxg4 Qxb7 0-1

[Event "CZE-chT2B 1617"]
[Site "Czech Republic"]
[Date "2017.02.12"]
[Round "8.8"]
[White "Sala, Dalibor"]
[Black "Bartos, Jan"]
[Result "1/2-1/2"]
[WhiteElo "1857"]
[BlackElo "2157"]
[PlyCount "132"]
[EventDate "2016.10.09"]
[EventType "team-tourn"]
[EventRounds "11"]
[EventCountry "CZE"]
[SourceTitle "EXT 2022"]
[Source "ChessBase"]
[SourceDate "2021.10.06"]
[SourceVersion "1"]
[SourceVersionDate "2021.10.06"]
[SourceQuality "1"]
[WhiteTeam "Most Chess"]
[BlackTeam "Bartos Unichess II"]
[WhiteTeamCountry "CZE"]
[BlackTeamCountry "CZE"]

1. e4 e5 2. Bc4 Nf6 3. Qe2 c6 4. d3 Be7 5. Nf3 0-0 6. c3 d6 7. Bb3 Bg4 8. Nbd2 Nbd7 9. h3 Bh5 10. g4 Bg6 11. Nf1 d5 12. Ng3 dxe4 13. dxe4 Re8 14. Bd2 Qb6 15. 0-0-0 Bc5 16. Nf5 Bxf5 17. gxf5 Bxf2 18. Ng5 Re7 19. h4 a5 20. h5 h6 21. Nf3 a4 22. Bc2 Kh7 23. Nh2 Bc5 24. Ng4 Nxg4 25. Qxg4 Nf6 26. Qf3 Rd7 27. Be1 Be3+ 28. Kb1 a3 29. b3 Rxd1+ 30. Qxd1 Rd8 31. Qe2 Bf4 32. Bd3 Qe3 33. Qxe3 Bxe3 34. Kc2 Nd7 35. Bh4 Bg5 36. Bf2 Be7 37. b4 c5 38. bxc5 Nxc5 39. Bxc5 Bxc5 40. Bc4 Kg8 41. Bd5 b6 42. Rd1 Kf8 43. Kd3 Ke7 44. Ke2 Kf6 45. Bb3 Rxd1 46. Kxd1 g6 47. fxg6 fxg6 48. hxg6 Kxg6 49. Ke2 Kg5 50. Kf3 h5 51. Be6 Bf8 52. Bf5 Bh6 53. Bd7 Kh4 54. Be6 Bd2 55. c4 Be1 56. Bd7 Kg5 57. Bh3 Kf6 58. Ke2 Bb4 59. Kf3 Ke7 60. Ke2 Kd6 61. Kd3 Kc5 62. Be6 Be1 63. Bc8 h4 64. Bg4 Bg3 65. Bd7 Bf4 66. Bg4 Kb4 1/2-1/2

[Event "CZE-ch U18"]
[Site "Prague"]
[Date "1996.??.??"]
[Round "2"]
[White "Novotny, Roman"]
[Black "Sala, Dalibor"]
[Result "1/2-1/2"]
[WhiteElo "1810"]
[BlackElo "1625"]
[PlyCount "46"]
[EventDate "1996.??.??"]
[EventType "swiss"]
[EventRounds "9"]
[EventCountry "CZE"]
[SourceTitle "EXT 1998"]
[Source "ChessBase"]
[SourceDate "1997.11.17"]
[SourceVersion "1"]
[SourceVersionDate "1997.11.17"]
[SourceQuality "1"]

1. e4 c5 2. Nc3 Nc6 3. f4 d6 4. Nf3 Nf6 5. Bc4 e6 6. 0-0 Be7 7. d3 0-0 8. Qe1 Na5 9. Bb3 Nxb3 10. axb3 a6 11. Bd2 d5 12. e5 Nd7 13. Kh1 f6 14. d4 fxe5 15. fxe5 cxd4 16. Nxd4 Rxf1+ 17. Qxf1 Nxe5 18. Re1 Bf6 19. Bf4 Ng6 20. Nxe6 Bxe6 21. Rxe6 Nxf4 22. Qxf4 Rc8 23. Qd2 Qa5 1/2-1/2

[Event "CZE-ch U18"]
[Site "Prague"]
[Date "1996.??.??"]
[Round "6"]
[White "Sala, Dalibor"]
[Black "Voracek, Miroslav"]
[Result "0-1"]
[WhiteElo "1625"]
[BlackElo "1775"]
[PlyCount "106"]
[EventDate "1996.??.??"]
[EventType "swiss"]
[EventRounds "9"]
[EventCountry "CZE"]
[SourceTitle "EXT 1998"]
[Source "ChessBase"]
[SourceDate "1997.11.17"]
[SourceVersion "1"]
[SourceVersionDate "1997.11.17"]
[SourceQuality "1"]

1. d4 Nf6 2. c4 g6 3. Nc3 Bg7 4. e4 d6 5. f3 0-0 6. Be3 c6 7. Qd2 e5 8. d5 cxd5 9. cxd5 a6 10. Nge2 Nbd7 11. g4 b5 12. Ng3 Bb7 13. h4 Rc8 14. h5 Nc5 15. Nd1 Qd7 16. Bh3 Qe7 17. Bh6 Rc7 18. Rg1 Bxh6 19. Qxh6 Kh8 20. Qe3 b4 21. Nf2 a5 22. Bf1 Ba6 23. Bxa6 Nxa6 24. Kd2 Rfc8 25. Rac1 Rxc1 26. Rxc1 Rxc1 27. Kxc1 Qc7+ 28. Kb1 Qc5 29. Qxc5 Nxc5 30. Kc2 Kg7 31. Nd3 Nfd7 32. Nxc5 Nxc5 33. Kd2 Kh6 34. hxg6 hxg6 35. Ne2 Kg5 36. Ke3 f5 37. gxf5 gxf5 38. exf5 Kxf5 39. Ng3+ Kg5 40. Ne4+ Nxe4 41. Kxe4 a4 42. Ke3 Kf5 43. Kd3 Kf4 44. Ke2 e4 45. fxe4 Kxe4 46. Kd2 Kxd5 47. Kd3 Kc5 48. b3 axb3 49. axb3 Kd5 50. Ke3 Ke5 51. Kd3 d5 52. Ke3 d4+ 53. Kd3 Kd5 0-1